ბათუმის შოთა რუსთაველის სახელმწიფო უნივერსიტეტის ბიბლიოთეკა

ჩრდილო კავკასიის ხალხთა ისტორიის ნარკვევები ნაკ.II (ბიბ.ჩანაწერი № 36679)

000 -LEADER
fixed length control field 00828nam a2200217Ia 4500
001 - CONTROL NUMBER
control field 2606
003 - CONTROL NUMBER IDENTIFIER
control field GE_BSU
008 - FIXED-LENGTH DATA ELEMENTS--GENERAL INFORMATION
fixed length control field 181216s||||||||xx |||||||||||||| ||und||
040 ## - CATALOGING SOURCE
Transcribing agency GE_BSU
080 ## - UNIVERSAL DECIMAL CLASSIFICATION NUMBER
Universal Decimal Classification number 94(479.9)
245 ## - TITLE STATEMENT
Title ჩრდილო კავკასიის ხალხთა ისტორიის ნარკვევები ნაკ.II
245 ## - TITLE STATEMENT
Statement of responsibility, etc. რედ. ზ. ანჩაბაძე., მხატვ. გ. ნადირაზე
260 ## - PUBLICATION, DISTRIBUTION, ETC.
Place of publication, distribution, etc. თბილისი
260 ## - PUBLICATION, DISTRIBUTION, ETC.
Name of publisher, distributor, etc. მეცნიერება
260 ## - PUBLICATION, DISTRIBUTION, ETC.
Date of publication, distribution, etc. 1978
300 ## - PHYSICAL DESCRIPTION
Extent 330 გვ. 21 სმ.
653 ## - INDEX TERM--UNCONTROLLED
Uncontrolled term ისტორია
653 ## - INDEX TERM--UNCONTROLLED
Uncontrolled term ჩრდილო კავკასიის ხალხთა ისტორიის ნარკვევები. ნაკ.II
942 ## - ADDED ENTRY ELEMENTS (KOHA)
Koha item type წიგნი
ეგზემპლარები
Withdrawn status Lost status Damaged status Not for loan Date acquired Barcode Date last seen Price effective from Koha item type Public note
        2018-12-17 1515 2018-12-17 2018-12-17 წიგნი  
        2018-12-17 00145 (10ლ. 15თ.) 2018-12-17 2018-12-17 წიგნი ქსეროქსი
        2018-12-17 00144 (10ლ.15 თ.) 2018-12-17 2018-12-17 წიგნი ქსეროქსი